000 00279nam a22001337a 4500
008 170717b xxu||||| |||| 00| 0 eng d
020 _a008987034841
041 _aeng
080 _a2
100 _a24
101 _aTEO
245 _aUNGODLY RAGE
_cSTEICHEN,D
942 _2udc
_cBK
999 _c21276
_d21276